00884nam a22002417a 450000500170000001000130001702000220003003500130005203700160006504000120008108200130009324501170010626000340022327000500025730000210030765000500032865000460037870000280042470000240045294200220047699900190049895201250051720170124110106.0 aA-472914 c00.00a8185318549 aA-472914 bCen Lib/Ret aDPLbEN a921bPRI aPrime minister P. V. Narasimha Rao :cedited by K. L. Chanchreek [and] Saroj PrasadbIndia's great expectation / aDelhibH. K. Publishersc1991 aA-1/ 11 Shakti Nagar ExtensionbDelhie110052 a340p. c21cm(Hb) aIndia -- Politics and government -- 1977-937 aNarasimha Rao, P. V., -- 1921-2004928146 aChanchreek, K. L928147 aPrasad, Saroj93684 2ddccENh921mPRI c130050d130050 00104070aLbLd2015-07-08eCen Lib/Ret g0.00l0o921 PRIpA-472914r2015-07-08 00:00:00t1v0.00w2015-07-08yEN